Libertad vigilada del adulto: Ley N§18.216 de 1983, D.S. N§1.120 de 1984, Normas técnicas 1985
Gespeichert in:
| Körperschaft: | |
|---|---|
| Format: | Buch |
| Sprache: | Spanisch |
| Veröffentlicht: |
Santiago
Ministerio de Justicia
1985
|
| Schlagworte: | |
| Tags: |
Tag hinzufügen
Keine Tags, Fügen Sie den ersten Tag hinzu!
|
MARC
| LEADER | 00000nam a2200000 a 4500 | ||
|---|---|---|---|
| 001 | UCS0300 | ||
| 003 | CL-VaPUC | ||
| 008 | 970418e19850000CL |||||||||||||||||spa|d | ||
| 082 | 0 | 4 | |a 345.077 |b MIN |2 21 |
| 110 | 2 | |a Ministerio de Justicia |e author |9 383585 | |
| 245 | 1 | 0 | |a Libertad vigilada del adulto: Ley N§18.216 de 1983, D.S. N§1.120 de 1984, Normas técnicas 1985 |
| 300 | |a 110 p | ||
| 942 | |c BK | ||
| 945 | |d 19970418 00:00:00 |a paguirre | ||
| 260 | |a Santiago |b Ministerio de Justicia |c 1985 | ||
| 650 | 0 | |a Penas |9 255927 | |
| 650 | 7 | |a DERECHO PENAL |2 CL-VaPUC |9 11 | |
| 650 | 0 | |a Sentencias |9 256250 | |
| 650 | 0 | |a Libertad condicional |9 371909 | |
| 650 | 0 | |a Libertad vigilada |9 383586 | |
| 650 | 7 | |a LEGISLACION |2 CL-VaPUC |9 383587 | |
| 650 | 7 | |a LEY 18.216 |2 CL-VaPUC |9 383588 | |
| 651 | 7 | |a CHILE |2 CL-VaPUC |9 383589 | |
| 583 | |a last modification |c 19970418 00:00:00 |k Rodrigo Vera | ||
| 999 | |c 258534 |d 258532 | ||
| 952 | |0 0 |1 0 |4 0 |6 345_077000000000000_MIN_1985 |7 0 |8 A |9 282704 |a BIBDER |b BIBDER |d 2019-11-19 |i 1833421 |o 345.077 MIN 1985 |p 1833421 |r 2023-01-25 |w 2019-11-19 |y BK |k DER | ||